LEADER 01105nam a2200241 i 4500 001 000000142577 003 CaOOAMICUS 005 20050907000000.0 008 050907s1950 it u000 u ita u 013 $a117933 040 $aSeMil$bita 100 1 $aKierkegaard, Søren,$d<1813-1855>.$0(OLS)http://semarc/name/652 240 10$aIndovelse i Christendom.$0(OLS)http://semarc/title/247546 245 10$aScuola di cristianesimo /$cSören Kierkegaard ; traduzione di Agostino Miggiano e Kirsten Montanari Gulbrandsen. 260 $aMilano :$bEdizioni di Comunità,$c1950. 300 $aVII, 305 p. ;$c23 cm. 650 4$aKierkegaard, Søren <1813-1855> - Opere.$0(OLS)http://semarc/subject/2392 700 1 $aMontanari Gulbrandsen, Kirsten.$0(OLS)http://semarc/name/57234 700 1 $aMiggiano, Agostino.$0(OLS)http://semarc/name/30926 850 $aSeMil 852 $aSeMil$W1$xVenegono$y1$m2R III 180$j95745$B95745$CSeMilBibl$Z2$F102551 $81 996 $6245$aScuola di cristianesimo$9(OLS)http://semarc/title/208571 996 $6260$aMilano :$bEdizioni di Comunità$9(OLS)http://semarc/publisher/31458 LEADER 00978nam a2200217 i 4500 001 000000150753 003 CaOOAMICUS 005 20060609000000.0 008 060609s1974 it u000 u ita u 013 $a128091 040 $aSeMil$bita 100 1 $aFlora, Francesco,$d<1891-1962>.$0(OLS)http://semarc/name/6412 245 14$a[Il secondo Cinquecento e il Seicento]. 300 $a545 p., con 48 tavole a colori fuori testo. 500 $aContiene : Bibliografia. - Titolo da piano dell'opera in preliminari. 650 4$aLetteratura italiana - Storia.$0(OLS)http://semarc/subject/541 773 0 $aFlora, Francesco <1891-1962>$tStoria della letteratura italiana.$b18. Ed.$d[Milano] : Arnoldo Mondadori Editore, 1974.$gVolume3$w()15832 850 $aSeMil 852 $aSeMil$W1$xVenegono$y1$m1O VI 193$j231747$B102834$CSeMilBibl$Z2$F111763 $81 961 $aLascito: Gogna prof.ssa Silvia 996 $6245$a[Il secondo Cinquecento e il Seicento]$9(OLS)http://semarc/title/220364